000 00459nam a22001817a 4500
003 CEME
005 20210628203343.0
008 210305b xxu||||| |||| 00| 0 eng d
020 _a0-333-34489-8
040 _c.
082 _a808.84 COH
100 _aCOHN, RUBY
_964924
245 _aBeckett, waiting for godot
260 _aNEW YORK
_bMACMILLAN PRESS
_c1987
300 _a216P
650 _aENGLISH LITERATURE-CRITICAL ESSAYS
_923462
942 _cBK
_2ddc
999 _c573278
_d573278